| 000 | 02548nam0a2200385 4500 | ||
|---|---|---|---|
| 001 | RU\NLR\BIBL_A\022563497 | ||
| 005 | 20260420045624.0 | ||
| 010 |
_a978-5-7629-3429-9 _973 |
||
| 021 |
_aRU _bКН-П-25-023455 _9КН-П-25-2350 |
||
| 035 | _a(NLR Aleph) 022563497 | ||
| 090 |
_a13674907 _c13674907 |
||
| 100 | _a20250610d2024 u y0rusy50 ca | ||
| 101 | 0 | _arus | |
| 102 | _aRU | ||
| 105 | _aa j 000yy | ||
| 181 | 0 |
_ai _baxxe |
|
| 182 | 0 | _an | |
| 200 | 1 |
_aДатчики _eучебное пособие _eдля студентов по направлению подготовки 13.03.02 "Электроэнергетика и электротехника" и 27.03.02 "Управление в технических системах" _fЕ. В. Константинова, К. В. Константинов, А. Н. Прокшин, А. В. Трофимов _gМинобрнауки России, Санкт-Петербургский государственный электротехнический университет "ЛЭТИ" им. В. И. Ульянова (Ленина) |
|
| 203 |
_aТекст _bвизуальный _cнепосредственный |
||
| 210 |
_aСанкт-Петербург _cИзд-во СПбГЭТУ "ЛЭТИ" _d2024 |
||
| 215 |
_a124, [1] с. _cил., табл. _d21 |
||
| 300 | _aАвт. указаны на обороте тит. с. | ||
| 320 | _aБиблиогр.: с. 124 (6 назв.) и в подстроч. примеч. | ||
| 606 | 1 |
_aДатчики _jУчебные издания для высших учебных заведений _xЛабораторная практика _92500465 _3RU\NLR\AUTH\6601698568 |
|
| 686 | 1 | _aЗ965-044.3я73-5 | |
| 701 | 1 |
_aКонстантинова _bЕ. В. _gЕлена Витальевна |
|
| 701 | 1 |
_7ca _8rus _aКонстантинов _bК. В. _cканд. техн. наук _gКонстантин Витальевич _989439 _3RU\NLR\AUTH\77106514 |
|
| 701 | 1 |
_aПрокшин _bА. Н. _gАртём Николаевич |
|
| 701 | 1 |
_aТрофимов _bА. В. _cканд. техн. наук, машиностроение _gАлександр Викторович _9129074 _3RU\NLR\AUTH\770129105 |
|
| 712 | 0 | 2 |
_4475 _aСанкт-Петербургский государственный электротехнический университет им. В. И. Ульянова (Ленина) _9687544 _3RU\NLR\AUTH\880513481 |
| 942 | _cBOOK | ||
| 980 | _aNB | ||